Perspectivas sobre el aprovechamiento energético para el proyecto de electrificación del transporte urbano en el área metropolitana de San José

Збережено в:
Бібліографічні деталі
Автор: Arias Avendaño, Jorge Fernando
Формат: Книга
Опубліковано: [San José , Costa Rica] 1984
Теги: Додати тег
Немає тегів, Будьте першим, хто поставить тег для цього запису!

MARC

LEADER 00000nam a2200000Ia 4500
003 004352
005 20221231144409.0
008 140114s1984 cr a m 000 ||s d
040 |c cru CEDI 
090 |a TFG 1532 
100 |a Arias Avendaño, Jorge Fernando  |9 13562 
245 |a Perspectivas sobre el aprovechamiento energético para el proyecto de electrificación del transporte urbano en el área metropolitana de San José 
260 |c 1984  |a [San José , Costa Rica] 
300 |a ix, 191 hojas :ilustraciones  
500 |a Proyecto de graduación (bachiller en ingeniería eléctrica)--Universidad de Costa Rica. Facultad de Ingeniería. Escuela de Ingeniería Eléctrica."IE-502 Proyecto Eléctrico 1" 
942 |c TFG 
999 |c 21280  |d 21280